000 00463nab a2200145Ia 4500
003 ES-SlBCS
005 20210601125451.0
008 140529s1983-84 xxu||||| |||| 00| 0 eng d
041 _aeng
100 1 _aSherover, Charles
_9158994
245 0 4 _aThe Temporality of the Common Good: Futurity and Freedom
_c Charles Sherover
650 0 4 _aTemporalidad-Bien Común
_9158995
773 0 _tReview of Methaphysics
_gvol. 37, 1983-84, págs. 475-498
_wRev843
942 _cAR
999 _c530812
_d530812